| 000 | 01263nam a2200313 i 4500 | ||
|---|---|---|---|
| 001 | 153484 | ||
| 003 | SpMaBN | ||
| 005 | 20251001063037.0 | ||
| 008 | 190215s2007 sp ab |||| | spa d | ||
| 020 | _a978-84-95892-56-0 | ||
| 080 | _a308(=1.460.11:728.7)"19" | ||
| 080 | _a331.102.3(728.7) | ||
| 080 | _a626.9(265.159)"19" | ||
| 100 | 1 |
_aPerez Rió, Juan Manuel _9166327 |
|
| 245 | 1 | 0 |
_aPro mundi beneficio _b: los trabajadores gallegos en la construcción del Canal de Panamá, 1904-1914 / _cJuan Manuel Pérez. |
| 260 |
_a[La Coruña] : _bFundación Pedro Barrié de la Maza, _c[2007] |
||
| 300 |
_a237 p. : _bil., 1 mapa ; _c23 cm. |
||
| 490 | 1 | _aGalicia exterior | |
| 504 | _aBibliografía: p. 223-237. | ||
| 650 | 7 |
_aGallegos- _zPanamá- _xSituación social. _9166328 |
|
| 650 | 7 |
_aCondiciones de trabajo- _zPanamá. _9166329 |
|
| 651 | 7 |
_aCanal de Panamá- _xHistoria. _97942 |
|
| 710 | 2 |
_aFundación Pedro Barrié de la Maza, Conde de Fenosa _9176439 |
|
| 830 | 0 |
_aGalicia exterior _9187775 |
|
| 852 |
_aES-MaACL _jA-14338 _9159071 _bR.151657 _cDEPO1 _dOlim: N-7338 _hDonación: Fundación Barrié |
||
| 914 |
_aFundación Pedro Barrié de la Maza, Conde de Fenosa _ednr _9176439 |
||
| 942 |
_2udc _cMONOGRAFIA |
||
| 999 |
_c153484 _d153484 |
||